[Event "HUN-chT"]
[Site "Hungary"]
[Date "1989.??.??"]
[Round "5"]
[White "Grosch, Maria"]
[Black "Egerland, Edit"]
[Result "1/2-1/2"]
[WhiteElo "2145"]
[BlackElo "2235"]
[PlyCount "22"]
[EventDate "1989.??.??"]
[EventType "team"]
[EventRounds "13"]
[EventCountry "HUN"]
[SourceTitle "EXT 2009"]
[Source "ChessBase"]
[SourceDate "2008.11.26"]
[SourceVersion "1"]
[SourceVersionDate "2008.11.26"]
[SourceQuality "1"]

1. d4 d5 2. Nf3 Nf6 3. g3 g6 4. Bg2 Bg7 5. 0-0 0-0 6. c4 c6 7. cxd5 cxd5 8. Nc3 b6 9. Bf4 Bb7 10. Rc1 Nh5 11. Nb5 Nxf4 1/2-1/2

[Event "HUN-chT"]
[Site "Hungary"]
[Date "1989.??.??"]
[Round "6"]
[White "Grosch, Maria"]
[Black "Nemeth, Maria"]
[Result "1/2-1/2"]
[WhiteElo "2145"]
[BlackElo "2180"]
[PlyCount "101"]
[EventDate "1989.??.??"]
[EventType "team"]
[EventRounds "13"]
[EventCountry "HUN"]
[SourceTitle "EXT 2009"]
[Source "ChessBase"]
[SourceDate "2008.11.26"]
[SourceVersion "1"]
[SourceVersionDate "2008.11.26"]
[SourceQuality "1"]

1. Nf3 d5 2. d4 Nf6 3. e3 c6 4. Bd3 Bg4 5. b3 e6 6. Bb2 Ne4 7. c3 Nd7 8. Qc2 Bxf3 9. gxf3 Ng5 10. Nd2 Nh3 11. f4 g5 12. f5 Qf6 13. Rf1 Bg7 14. fxe6 fxe6 15. Bxh7 0-0-0 16. Qg6 Qe7 17. Ba3 Qxa3 18. Qxg7 Qb2 19. Ke2 Qxc3 20. Qe7 Qa5 21. Bg6 Qc7 22. Qxe6 Rh6 23. Nf3 Kb8 24. Qf7 g4 25. Ng1 Ng5 26. Qg7 Rxh2 27. Bf5 Ne4 28. Bxe4 dxe4 29. Qxg4 Nf6 30. Qf5 Nd5 31. Rac1 a6 32. Qxe4 Ka7 33. Qe5 Qh7 34. Nf3 Rh5 35. Qe6 Nb4 36. e4 Nxa2 37. Rc4 Ra5 38. Rd1 Qc7 39. Rd2 Qb6 40. Qe7 Rh8 41. b4 Ra3 42. Ne5 Nc3+ 43. Kf1 c5 44. Qxc5 Nxe4 45. Qxb6+ Kxb6 46. Rdc2 Rd8 47. Ke2 Rb3 48. d5 Nd6 49. Rg4 Nf5 50. Rc5 Rxb4 51. Rxb4+ 1/2-1/2

[Event "Balatonfured zt (Women)"]
[Site "Balatonfured"]
[Date "1987.??.??"]
[Round "?"]
[White "Grosch, Maria"]
[Black "Muresan, Margareta"]
[Result "1/2-1/2"]
[WhiteElo "2220"]
[BlackElo "2310"]
[PlyCount "55"]
[EventDate "1987.??.??"]
[EventType "tourn"]
[EventRounds "17"]
[EventCountry "HUN"]
[EventCategory "1"]
[SourceTitle "EXT 1997"]
[Source "ChessBase"]
[SourceDate "1996.11.15"]
[SourceVersion "1"]
[SourceVersionDate "1996.11.15"]
[SourceQuality "1"]

1. c4 Nf6 2. Nf3 b6 3. d4 Bb7 4. Nc3 e6 5. a3 Be7 6. d5 0-0 7. e4 exd5 8. cxd5 d6 9. Be2 c5 10. 0-0 a6 11. a4 Ne8 12. Nd2 Nd7 13. Nc4 Bf6 14. Bf4 Be5 15. Bxe5 Nxe5 16. f4 Nxc4 17. Bxc4 Rb8 18. Qe2 Nc7 19. Rf3 Bc8 20. h3 Qd7 21. Rg3 b5 22. axb5 axb5 23. Bd3 b4 24. Nd1 Nb5 25. Qh5 Nd4 26. Rxg7+ Kxg7 27. Qg5+ Kh8 28. Qf6+ 1/2-1/2

[Event "Balatonfured zt (Women)"]
[Site "Balatonfured"]
[Date "1987.??.??"]
[Round "?"]
[White "Grosch, Maria"]
[Black "Olarasu, Gabriela"]
[Result "1/2-1/2"]
[WhiteElo "2220"]
[BlackElo "2245"]
[PlyCount "60"]
[EventDate "1987.??.??"]
[EventType "tourn"]
[EventRounds "17"]
[EventCountry "HUN"]
[EventCategory "1"]
[SourceTitle "EXT 1997"]
[Source "ChessBase"]
[SourceDate "1996.11.15"]
[SourceVersion "1"]
[SourceVersionDate "1996.11.15"]
[SourceQuality "1"]

1. d4 d5 2. Nf3 e6 3. c4 c6 4. g3 Nf6 5. Bg2 Bd6 6. Qc2 Nbd7 7. 0-0 0-0 8. Rd1 Qe7 9. Nc3 dxc4 10. Nd2 e5 11. Nxc4 Bc7 12. d5 cxd5 13. Nxd5 Nxd5 14. Bxd5 Nb6 15. Nxb6 Bxb6 16. Qe4 Kh8 17. Be3 f5 18. Qd3 Bxe3 19. Qxe3 f4 20. gxf4 Rxf4 21. Bg2 Bg4 22. Rd5 Re8 23. Rad1 h6 24. Rb5 b6 25. Bc6 Ref8 26. Rxe5 Qf6 27. Re8 Qxc6 28. Qxf4 Rxe8 29. Qxg4 Qe6 30. Qd4 Qxa2 1/2-1/2

[Event "Balatonfured zt (Women)"]
[Site "Balatonfured"]
[Date "1987.??.??"]
[Round "?"]
[White "Richtrova, Eliska"]
[Black "Grosch, Maria"]
[Result "1-0"]
[WhiteElo "2320"]
[BlackElo "2220"]
[PlyCount "75"]
[EventDate "1987.??.??"]
[EventType "tourn"]
[EventRounds "17"]
[EventCountry "HUN"]
[EventCategory "1"]
[SourceTitle "EXT 1997"]
[Source "ChessBase"]
[SourceDate "1996.11.15"]
[SourceVersion "1"]
[SourceVersionDate "1996.11.15"]
[SourceQuality "1"]

1. c4 Nf6 2. Nc3 e6 3. Nf3 d5 4. cxd5 exd5 5. d4 c6 6. Bg5 Be7 7. e3 Bf5 8. Bd3 Bxd3 9. Qxd3 Nbd7 10. h3 0-0 11. 0-0 Ne4 12. Bf4 Ndf6 13. Ne5 Nxc3 14. bxc3 Nd7 15. Nf3 b5 16. e4 Nb6 17. e5 Re8 18. Rfe1 Bf8 19. Ng5 g6 20. Qf3 Qd7 21. h4 h6 22. Nh3 Be7 23. e6 fxe6 24. Bxh6 Kh7 25. Qf7+ Kxh6 26. Rxe6 Bf6 27. Rxf6 Qxf7 28. Rxf7 Re4 29. f3 Rxh4 30. Re1 Na4 31. Kh2 Nxc3 32. g4 Rxh3+ 33. Kxh3 Rg8 34. Re6 Nxa2 35. Rxa7 Nb4 36. Kg3 Rg7 37. Ra8 Kh7 38. f4 1-0

[Event "Balatonfured zt (Women)"]
[Site "Balatonfured"]
[Date "1987.??.??"]
[Round "?"]
[White "Savova, Stefka"]
[Black "Grosch, Maria"]
[Result "1/2-1/2"]
[WhiteElo "2245"]
[BlackElo "2220"]
[PlyCount "49"]
[EventDate "1987.??.??"]
[EventType "tourn"]
[EventRounds "17"]
[EventCountry "HUN"]
[EventCategory "1"]
[SourceTitle "EXT 1997"]
[Source "ChessBase"]
[SourceDate "1996.11.15"]
[SourceVersion "1"]
[SourceVersionDate "1996.11.15"]
[SourceQuality "1"]

1. d4 Nf6 2. Nf3 e6 3. c3 b6 4. Bf4 Bb7 5. Nbd2 c5 6. e3 cxd4 7. exd4 Be7 8. Bd3 d6 9. 0-0 Nbd7 10. Qe2 0-0 11. h3 Re8 12. Bh2 a6 13. Rfe1 b5 14. a4 bxa4 15. Rxa4 a5 16. Rea1 Bc6 17. Bb5 Bxb5 18. Qxb5 Rb8 19. Qxa5 Rxb2 20. Nc4 Qxa5 21. Rxa5 Rb3 22. Bxd6 Rxc3 23. Bxe7 Rxc4 24. Bd6 Rc6 25. Be5 1/2-1/2

[Event "Olympiad Women-27"]
[Site "Dubai"]
[Date "1986.11.21"]
[Round "6"]
[White "Grosch, Maria"]
[Black "Gaprindashvili, Nona"]
[Result "0-1"]
[WhiteElo "2125"]
[BlackElo "2350"]
[PlyCount "102"]
[EventDate "1986.11.15"]
[EventType "team-swiss"]
[EventRounds "14"]
[EventCountry "UAE"]
[SourceTitle "EXT 2019"]
[Source "ChessBase"]
[SourceDate "2018.10.10"]
[SourceVersion "1"]
[SourceVersionDate "2018.10.10"]
[SourceQuality "1"]
[WhiteTeam "Hungary (W)"]
[BlackTeam "Soviet Union (W)"]
[WhiteTeamCountry "HUN"]
[BlackTeamCountry "URS"]

1. d4 d5 2. Nf3 Nf6 3. c4 e6 4. Nc3 Be7 5. Bf4 0-0 6. e3 c5 7. dxc5 Bxc5 8. a3 Nc6 9. Be2 dxc4 10. Qxd8 Rxd8 11. Ne5 Nxe5 12. Bxe5 Bd7 13. Bxc4 Bc6 14. 0-0 Ng4 15. Bf4 Rd2 16. Be2 Nf6 17. b4 Be7 18. Rfd1 Rxd1+ 19. Rxd1 a5 20. b5 Bd5 21. a4 Rc8 22. Nxd5 Nxd5 23. Bf3 Rc4 24. Bxd5 exd5 25. Kf1 g5 26. Be5 f6 27. Bb2 Rxa4 28. Rxd5 Rb4 29. Bc3 Rb1+ 30. Ke2 b6 31. Bd4 a4 32. Bxb6 a3 33. Rd2 Rxb5 34. Bd4 Kf7 35. g3 f5 36. f4 g4 37. Ra2 Ke6 38. Kd3 Kd5 39. Kc3 Ke4 40. Kc4 Rb4+ 41. Kc3 Rb1 42. Kc2 Re1 43. Kc3 h5 44. Kc4 Rc1+ 45. Kb3 Kd3 46. Rg2 Rb1+ 47. Ka2 Rd1 48. Kb3 Rd2 49. Rxd2+ Kxd2 50. Bb6 Kd3 51. Bd4 h4 0-1

[Event "Alfoldi Memorial (Women)"]
[Site "Budapest"]
[Date "1985.??.??"]
[Round "?"]
[White "Grosch, Maria"]
[Black "Bilunova, Rimma I"]
[Result "1-0"]
[WhiteElo "2150"]
[BlackElo "2165"]
[PlyCount "83"]
[EventDate "1985.??.??"]
[EventType "tourn"]
[EventRounds "13"]
[EventCountry "HUN"]
[SourceTitle "EXT 1998"]
[Source "ChessBase"]
[SourceDate "1997.11.17"]
[SourceVersion "1"]
[SourceVersionDate "1997.11.17"]
[SourceQuality "1"]

1. d4 Nf6 2. Nf3 e6 3. g3 b6 4. Bg2 Bb7 5. 0-0 d5 6. c4 c6 7. b3 Be7 8. Qc2 0-0 9. Rd1 Nbd7 10. Nc3 Qc8 11. Bb2 c5 12. cxd5 Nxd5 13. Nxd5 exd5 14. Rac1 Rd8 15. Bh3 Qc6 16. Qd2 Nf6 17. Ne5 Qd6 18. f3 Bc8 19. Bg2 Be6 20. Ba3 Qc7 21. Nd3 c4 22. Bxe7 Qxe7 23. bxc4 dxc4 24. Ne5 Rac8 25. e4 b5 26. f4 Ng4 27. Nf3 b4 28. d5 Qc5+ 29. Qd4 Bd7 30. Qxc5 Rxc5 31. Rd4 Ne3 32. Ne5 a5 33. Nxd7 Rxd7 34. Bh3 f5 35. Kf2 Ng4+ 36. Bxg4 fxg4 37. Rdxc4 Rb5 38. Rc5 Rdb7 39. Rc8+ Kf7 40. R1c7+ Rxc7 41. Rxc7+ Ke8 42. Ra7 1-0

[Event "Alfoldi Memorial (Women)"]
[Site "Budapest"]
[Date "1985.??.??"]
[Round "?"]
[White "Grosch, Maria"]
[Black "Stadler, Tereza"]
[Result "1/2-1/2"]
[WhiteElo "2150"]
[BlackElo "2120"]
[PlyCount "21"]
[EventDate "1985.??.??"]
[EventType "tourn"]
[EventRounds "13"]
[EventCountry "HUN"]
[SourceTitle "EXT 1998"]
[Source "ChessBase"]
[SourceDate "1997.11.17"]
[SourceVersion "1"]
[SourceVersionDate "1997.11.17"]
[SourceQuality "1"]

1. d4 d5 2. Nf3 Nf6 3. Bf4 Bf5 4. e3 e6 5. Bd3 Bxd3 6. cxd3 c6 7. 0-0 Be7 8. Nc3 Nh5 9. Bg3 Nxg3 10. hxg3 0-0 11. e4 1/2-1/2

[Event "Alfoldi Memorial (Women)"]
[Site "Budapest"]
[Date "1985.??.??"]
[Round "?"]
[White "Madl, Ildiko"]
[Black "Grosch, Maria"]
[Result "1-0"]
[WhiteElo "2185"]
[BlackElo "2150"]
[PlyCount "29"]
[EventDate "1985.??.??"]
[EventType "tourn"]
[EventRounds "13"]
[EventCountry "HUN"]
[SourceTitle "EXT 1998"]
[Source "ChessBase"]
[SourceDate "1997.11.17"]
[SourceVersion "1"]
[SourceVersionDate "1997.11.17"]
[SourceQuality "1"]

1. e4 c5 2. Nf3 Nc6 3. d4 cxd4 4. Nxd4 e5 5. Nf3 Nf6 6. Nc3 Bb4 7. Bd3 d5 8. exd5 Nxd5 9. Bd2 Nxc3 10. bxc3 Be7 11. Qe2 Bg4 12. h3 Bxf3 13. Qxf3 0-0 14. 0-0 Bg5 15. Qf5 1-0

[Event "Alfoldi Memorial (Women)"]
[Site "Budapest"]
[Date "1984.??.??"]
[Round "?"]
[White "Ghinda, Eugenia"]
[Black "Grosch, Maria"]
[Result "0-1"]
[WhiteElo "2060"]
[BlackElo "2065"]
[PlyCount "70"]
[EventDate "1984.??.??"]
[EventType "tourn"]
[EventRounds "15"]
[EventCountry "HUN"]
[SourceTitle "EXT 1998"]
[Source "ChessBase"]
[SourceDate "1997.11.17"]
[SourceVersion "1"]
[SourceVersionDate "1997.11.17"]
[SourceQuality "1"]

1. e4 c5 2. Nf3 d6 3. d4 cxd4 4. Nxd4 Nf6 5. Nc3 a6 6. Be2 e5 7. Nf3 h6 8. 0-0 Be6 9. b3 Be7 10. Bb2 0-0 11. Re1 Nbd7 12. a4 Rc8 13. Nd2 Qc7 14. Nc4 Nxe4 15. Nxe4 d5 16. Nxe5 Nxe5 17. Qd4 dxe4 18. Qxe5 Qxe5 19. Bxe5 Bb4 20. Reb1 Rxc2 21. Bd1 Rc6 22. Ra2 Rd8 23. Bf4 Bc5 24. h3 g5 25. Rd2 Rd3 26. Rxd3 exd3 27. Bd2 Bd4 28. Kf1 f6 29. Ke1 Bd5 30. g3 Bg2 31. Bg4 Rc7 32. Be3 Bc3+ 33. Kd1 f5 34. Bxf5 Bf3+ 35. Kc1 Bb4+ 0-1

[Event "Dortmund (Women) 10th"]
[Site "Dortmund"]
[Date "1982.04.??"]
[Round "?"]
[White "Grosch, Maria"]
[Black "Hund, Isabel"]
[Result "1-0"]
[WhiteElo "2080"]
[BlackElo "1895"]
[PlyCount "87"]
[EventDate "1982.04.06"]
[EventType "tourn"]
[EventRounds "9"]
[EventCountry "GER"]
[SourceTitle "EXT 2006"]
[Source "ChessBase"]
[SourceDate "2005.11.24"]
[SourceVersion "1"]
[SourceVersionDate "2005.11.24"]
[SourceQuality "1"]

1. d4 d5 2. c4 Bf5 3. Nc3 e6 4. e3 c6 5. g4 Bg6 6. h4 h5 7. g5 Bd6 8. b3 Ne7 9. Bb2 Nd7 10. Bd3 a6 11. e4 b5 12. exd5 exd5 13. c5 Bc7 14. Bxg6 fxg6 15. Qe2 Kf7 16. Qf3+ Nf5 17. 0-0-0 Kg8 18. Nce2 Kh7 19. Nf4 Bxf4+ 20. Qxf4 Rf8 21. Ne2 Qa5 22. Kb1 Rae8 23. Nc1 Ne3 24. fxe3 Rxf4 25. exf4 Re4 26. Nd3 Nf8 27. Ne5 Qc7 28. Bc1 Ne6 29. f5 gxf5 30. g6+ Kg8 31. Bb2 Nf8 32. Rhf1 f4 33. Rf3 Ne6 34. b4 Qb7 35. Nf7 Qc7 36. Nd6 Re2 37. Bc1 Qe7 38. Bxf4 Qxh4 39. Nf5 Qd8 40. Bd6 Re4 41. Ne7+ Kh8 42. Rh1 Nf4 43. Rxf4 Rxe7 44. Rfh4 1-0

[Event "Dortmund (Women) 10th"]
[Site "Dortmund"]
[Date "1982.04.??"]
[Round "?"]
[White "Grosch, Maria"]
[Black "Vreeken, Corry"]
[Result "1/2-1/2"]
[WhiteElo "2080"]
[BlackElo "2085"]
[PlyCount "57"]
[EventDate "1982.04.06"]
[EventType "tourn"]
[EventRounds "9"]
[EventCountry "GER"]
[SourceTitle "EXT 2006"]
[Source "ChessBase"]
[SourceDate "2005.11.24"]
[SourceVersion "1"]
[SourceVersionDate "2005.11.24"]
[SourceQuality "1"]

1. d4 Nf6 2. c4 g6 3. Nc3 d5 4. Nf3 Bg7 5. Qb3 dxc4 6. Qxc4 0-0 7. e4 Na6 8. Be2 c5 9. d5 e6 10. 0-0 exd5 11. exd5 b5 12. Qxb5 Nxd5 13. Nxd5 Qxd5 14. Bf4 Nb4 15. Qc4 Be6 16. Qxd5 Bxd5 17. a3 Nc2 18. Rac1 Nd4 19. Nxd4 Bxd4 20. b4 Rfd8 21. bxc5 Bb2 22. Rcd1 Bc6 23. Rb1 Bxa3 24. Bd6 a5 25. Rb6 Bd5 26. Rd1 Be6 27. Ra1 Bb4 28. Bf3 Rac8 29. Rc1 1/2-1/2

[Event "Dortmund (Women) 10th"]
[Site "Dortmund"]
[Date "1982.04.??"]
[Round "?"]
[White "Hund, Barbara"]
[Black "Grosch, Maria"]
[Result "1-0"]
[WhiteElo "2205"]
[BlackElo "2080"]
[PlyCount "63"]
[EventDate "1982.04.06"]
[EventType "tourn"]
[EventRounds "9"]
[EventCountry "GER"]
[SourceTitle "EXT 2006"]
[Source "ChessBase"]
[SourceDate "2005.11.24"]
[SourceVersion "1"]
[SourceVersionDate "2005.11.24"]
[SourceQuality "1"]

1. e4 c5 2. Nf3 d6 3. d4 cxd4 4. Nxd4 Nf6 5. Nc3 g6 6. Be3 Bg7 7. f3 0-0 8. Qd2 Nc6 9. Bc4 Bd7 10. h4 Rc8 11. Bb3 Ne5 12. h5 Nxh5 13. 0-0-0 Nc4 14. Bxc4 Rxc4 15. g4 Nf6 16. Nde2 Re8 17. Bh6 Bh8 18. Qg5 Qc7 19. Qh4 b5 20. Bg5 Rc8 21. e5 dxe5 22. Nd5 Rxc2+ 23. Kb1 Rxb2+ 24. Kxb2 Qc2+ 25. Ka1 Nh5 26. Nxe7+ Kf8 27. Nxc8 e4+ 28. Nd4 Qc3+ 29. Kb1 Bxc8 30. gxh5 Bf5 31. Ne6+ fxe6 32. Bh6+ 1-0

[Event "Budapest (Women)"]
[Site "Budapest"]
[Date "1981.06.??"]
[Round "?"]
[White "Fatalibekova, Elena"]
[Black "Grosch, Maria"]
[Result "1-0"]
[WhiteElo "2225"]
[BlackElo "2105"]
[PlyCount "65"]
[EventDate "1981.06.12"]
[EventType "tourn"]
[EventRounds "11"]
[EventCountry "HUN"]
[SourceTitle "EXT 2014"]
[Source "ChessBase"]
[SourceDate "2013.11.20"]
[SourceVersion "1"]
[SourceVersionDate "2013.11.20"]
[SourceQuality "1"]

1. e4 c5 2. Nf3 d6 3. d4 cxd4 4. Nxd4 Nf6 5. Nc3 g6 6. Be3 Bg7 7. f3 0-0 8. Bc4 Nc6 9. Qd2 Bd7 10. h4 Rc8 11. Bb3 Ne5 12. 0-0-0 Nc4 13. Bxc4 Rxc4 14. h5 Nxh5 15. Nde2 Re8 16. g4 Nf6 17. Bh6 Bh8 18. e5 Nxg4 19. fxg4 Bxe5 20. Bf4 Bg7 21. Nd5 Bxg4 22. Bh6 Be5 23. Rdf1 Qd7 24. Ne3 Rc5 25. Nxg4 Qxg4 26. Be3 Rc7 27. Bd4 Rec8 28. c3 h5 29. Qd3 Rc4 30. Kb1 Bxd4 31. Nxd4 Qg5 32. Rhg1 Qe5 33. Rxf7 1-0